000 00611nam a2200157 a 4500
001 000037835
005 20201002031125.0
008 130306s2003 dr ac 000 0 spa d
100 1 _aBáez Rondón, Elegio
_964290
245 1 0 _aDesarrollo histórico y socio-cultural del Municipio de Esperanza /
_cEligio Báez Rondón, Juan Augusto Santana.
260 _aMao, Valverde, República Dominicana :
_bmpresos Blanquito,
_c2003.
300 _a226 p. :
_bil., retrs. ;
_c23 cm.
500 _aIncluye datos biográficos de los autores en la contraportada
700 1 _aSantana, Juan Augusto
_964291
999 _c37325
_d37325
040 _aDO-SdBNP